The form of a servant; (Record no. 397)

MARC details
000 -LEADER
fixed length control field 00747cam a22002531 4500
001 - CONTROL NUMBER
control field 7048016
003 - CONTROL NUMBER IDENTIFIER
control field GBCCL
005 - DATE AND TIME OF LATEST TRANSACTION
control field 20241126110337.0
008 - FIXED-LENGTH DATA ELEMENTS--GENERAL INFORMATION
fixed length control field 750728s1963 xx 000 0 eng
010 ## -
-- 64010064
035 ## - SYSTEM CONTROL NUMBER
System control number (OCoLC)1484228
040 ## - CATALOGING SOURCE
Original cataloging agency DLC
Transcribing agency TxU-Da
Modifying agency DLC
042 ## -
-- premarc
050 00 -
-- BT220
-- .D36
082 ## - DEWEY DECIMAL CLASSIFICATION NUMBER
Classification number 232.8
Item number DAW
100 1# - MAIN ENTRY--PERSONAL NAME
Personal name Dawe, Donald G.
9 (RLIN) 541
245 14 - TITLE STATEMENT
Title The form of a servant;
Remainder of title a historical analysis of the kenotic motif.
260 ## - PUBLICATION, DISTRIBUTION, ETC.
Place of publication, distribution, etc. Philadelphia,
Name of publisher, distributor, etc. Westminster Press
Date of publication, distribution, etc. [c1963]
300 ## - PHYSICAL DESCRIPTION
Extent 218 p.
Dimensions 21 cm.
504 ## - BIBLIOGRAPHY, ETC. NOTE
Bibliography, etc. note Bibliographical references included in "Notes" (p. 209-214)
650 #0 - SUBJECT ADDED ENTRY--TOPICAL TERM
Topical term or geographic name entry element Incarnation.
9 (RLIN) 542
906 ## - LOCAL DATA ELEMENT F, LDF (RLIN)
a 7
b cbc
c oclcrpl
d u
e ncip
f 19
g y-gencatlg
942 ## - ADDED ENTRY ELEMENTS (KOHA)
Source of classification or shelving scheme Dewey Decimal Classification
Koha item type Books
Koha issues (borrowed), all copies 1
Holdings
Withdrawn status Lost status Source of classification or shelving scheme Damaged status Not for loan Home library Current Library Shelving location Date acquired Total checkouts Total renewals Full call number Barcode Date last seen Date last checked out Copy number Price effective from Koha item type
    Dewey Decimal Classification     GRACE BIBLE COLLEGE GRACE BIBLE COLLEGE Theology 2016-10-25 1 1 232.8 DAW 007537 2025-05-01 2020-03-18 c.1 2016-10-25 Books
© Grace Bible College Library 2025